<?xml version="1.0" encoding="UTF-8"?>
<record
    xmlns:xsi="http://www.w3.org/2001/XMLSchema-instance"
    xsi:schemaLocation="http://www.loc.gov/MARC21/slim http://www.loc.gov/standards/marcxml/schema/MARC21slim.xsd"
    xmlns="http://www.loc.gov/MARC21/slim">

  <leader>01313nam a2200325 a 4500</leader>
  <controlfield tag="001">BRCA_4606</controlfield>
  <controlfield tag="005">20190320204731.0</controlfield>
  <controlfield tag="008">270910s1986----sp-a######---#000-0#spa-#</controlfield>
  <datafield tag="020" ind1=" " ind2=" ">
    <subfield code="a">84239448005 (obra completa)</subfield>
  </datafield>
  <datafield tag="041" ind1=" " ind2=" ">
    <subfield code="a">spa</subfield>
  </datafield>
  <datafield tag="044" ind1=" " ind2=" ">
    <subfield code="a">sp</subfield>
  </datafield>
  <datafield tag="050" ind1=" " ind2="4">
    <subfield code="a">DP171.5</subfield>
    <subfield code="b">.S54 1986</subfield>
  </datafield>
  <datafield tag="245" ind1="1" ind2="0">
    <subfield code="a">El siglo del Quijote</subfield>
    <subfield code="b">(1580-1680).</subfield>
  </datafield>
  <datafield tag="260" ind1=" " ind2=" ">
    <subfield code="a">Madrid</subfield>
    <subfield code="b">Espasa-Calpe</subfield>
    <subfield code="c">1986</subfield>
  </datafield>
  <datafield tag="300" ind1=" " ind2=" ">
    <subfield code="a">2 v.</subfield>
    <subfield code="b">il. a color</subfield>
    <subfield code="c">28 cm</subfield>
  </datafield>
  <datafield tag="440" ind1=" " ind2="0">
    <subfield code="a">Historia de Espa&#xF1;a</subfield>
    <subfield code="v">26</subfield>
    <subfield code="9">11653</subfield>
  </datafield>
  <datafield tag="504" ind1=" " ind2=" ">
    <subfield code="a">Incluye referencias bibliogr&#xE1;ficas e &#xED;ndice</subfield>
  </datafield>
  <datafield tag="505" ind1="0" ind2=" ">
    <subfield code="a">Contenido: v.1. Religi&#xF3;n, filosof&#xED;a, ciencia / por Melqu&#xED;ades Andr&#xE9;s ... [et al.] ; pr&#xF3;logo por Jos&#xE9; Cepeda Ad&#xE1;n. -- v.2. Las letras. Las artes / por Ram&#xF3;n Men&#xE9;ndez Pidal ... [et al.]</subfield>
  </datafield>
  <datafield tag="651" ind1=" " ind2="4">
    <subfield code="a">Espa&#xF1;a</subfield>
    <subfield code="x">Civilizaci&#xF3;n</subfield>
    <subfield code="y">1516-1700</subfield>
    <subfield code="9">6772</subfield>
  </datafield>
  <datafield tag="651" ind1=" " ind2="4">
    <subfield code="a">Espa&#xF1;a</subfield>
    <subfield code="x">La vida intelectual</subfield>
    <subfield code="y">1516-1700</subfield>
    <subfield code="9">11654</subfield>
  </datafield>
  <datafield tag="651" ind1=" " ind2="4">
    <subfield code="a">Espa&#xF1;a</subfield>
    <subfield code="x">Historia</subfield>
    <subfield code="y">La Casa de Austria, 1516-1700</subfield>
    <subfield code="9">11655</subfield>
  </datafield>
  <datafield tag="651" ind1=" " ind2="4">
    <subfield code="a">Espa&#xF1;a</subfield>
    <subfield code="x">Historia de la Iglesia</subfield>
    <subfield code="9">11656</subfield>
  </datafield>
  <datafield tag="700" ind1="1" ind2=" ">
    <subfield code="a">Andr&#xE9;s Mart&#xED;n, Melqu&#xED;ades</subfield>
    <subfield code="9">11657</subfield>
  </datafield>
  <datafield tag="700" ind1="1" ind2=" ">
    <subfield code="a">Cepeda Ad&#xE1;n, Jos&#xE9;</subfield>
    <subfield code="e">Prologuista</subfield>
    <subfield code="9">11658</subfield>
  </datafield>
  <datafield tag="700" ind1="1" ind2=" ">
    <subfield code="a">Men&#xE9;ndez Pidal, Ram&#xF3;n</subfield>
    <subfield code="d">1869-1968</subfield>
    <subfield code="9">11659</subfield>
  </datafield>
  <datafield tag="740" ind1="0" ind2=" ">
    <subfield code="a">El siglo del Quijote--religi&#xF3;n, filosof&#xED;a, ciencia</subfield>
  </datafield>
  <datafield tag="740" ind1="0" ind2=" ">
    <subfield code="a">El siglo del Quijote--las letras, las artes</subfield>
  </datafield>
  <datafield tag="902" ind1=" " ind2=" ">
    <subfield code="a">CERV</subfield>
  </datafield>
  <datafield tag="942" ind1=" " ind2=" ">
    <subfield code="2">lcc</subfield>
    <subfield code="c">B</subfield>
  </datafield>
  <datafield tag="999" ind1=" " ind2=" ">
    <subfield code="c">4311</subfield>
    <subfield code="d">4311</subfield>
  </datafield>
  <datafield tag="952" ind1=" " ind2=" ">
    <subfield code="0">0</subfield>
    <subfield code="1">0</subfield>
    <subfield code="4">0</subfield>
    <subfield code="7">0</subfield>
    <subfield code="a">BRCA</subfield>
    <subfield code="b">BRCA</subfield>
    <subfield code="d">2010-09-27</subfield>
    <subfield code="l">0</subfield>
    <subfield code="o">DP171.5 .S54 1986</subfield>
    <subfield code="p">CERV00027</subfield>
    <subfield code="r">2019-03-22 00:00:00</subfield>
    <subfield code="w">2019-03-22</subfield>
    <subfield code="y">B</subfield>
  </datafield>
  <datafield tag="952" ind1=" " ind2=" ">
    <subfield code="0">0</subfield>
    <subfield code="1">0</subfield>
    <subfield code="4">0</subfield>
    <subfield code="7">0</subfield>
    <subfield code="8">AG</subfield>
    <subfield code="a">BRCA</subfield>
    <subfield code="b">BRCA</subfield>
    <subfield code="d">2012-02-10</subfield>
    <subfield code="l">0</subfield>
    <subfield code="o">DP171.5 .S54 1986</subfield>
    <subfield code="p">CERV00028</subfield>
    <subfield code="r">2019-03-22 00:00:00</subfield>
    <subfield code="w">2019-03-22</subfield>
    <subfield code="y">B</subfield>
  </datafield>
</record>
